|
|
|
|
| LEADER |
03169nam a22005775i 4500 |
| 001 |
978-0-387-09628-5 |
| 003 |
DE-He213 |
| 005 |
20151111081334.0 |
| 007 |
cr nn 008mamaa |
| 008 |
120813s2012 xxu| s |||| 0|eng d |
| 020 |
|
|
|a 9780387096285
|9 978-0-387-09628-5
|
| 024 |
7 |
|
|a 10.1007/978-0-387-09628-5
|2 doi
|
| 040 |
|
|
|d GrThAP
|
| 050 |
|
4 |
|a QB1-991
|
| 072 |
|
7 |
|a WNX
|2 bicssc
|
| 072 |
|
7 |
|a SCI004000
|2 bisacsh
|
| 072 |
|
7 |
|a JNF051040
|2 bisacsh
|
| 082 |
0 |
4 |
|a 520
|2 23
|
| 100 |
1 |
|
|a Ulivi, Paolo.
|e author.
|
| 245 |
1 |
0 |
|a Robotic Exploration of the Solar System
|h [electronic resource] :
|b Part 3: Wows and Woes, 1997-2003 /
|c by Paolo Ulivi, David M. Harland.
|
| 264 |
|
1 |
|a New York, NY :
|b Praxis :
|b Imprint: Praxis,
|c 2012.
|
| 300 |
|
|
|a XIII, 529 p. 243 illus.
|b online resource.
|
| 336 |
|
|
|a text
|b txt
|2 rdacontent
|
| 337 |
|
|
|a computer
|b c
|2 rdamedia
|
| 338 |
|
|
|a online resource
|b cr
|2 rdacarrier
|
| 347 |
|
|
|a text file
|b PDF
|2 rda
|
| 490 |
1 |
|
|a Springer Praxis Books
|
| 505 |
0 |
|
|a (In Part 1) Introduction -- Chapter 1: The beginning -- Chapter 2: Of landers and orbiters -- Chapter 3: The grandest tour -- (In Part 2) Chapter 4: The decade of Halley -- Chapter 5: The era of flagships -- Chapter 6: Faster, cheaper, better -- (Now in Part 3) Foreword -- Author's Preface -- Acknowledgments -- Chapter 7: The last flagship -- Chapter 8: Faster, cheaper, better continues -- Chapter 9: Mars invaded -- Glossary -- Appendices -- Chapter references -- Further reading -- Previous volumes in this series -- Index.
|
| 520 |
|
|
|a In Robotic Exploration of the Solar System, Paolo Ulivi and David Harland provide a comprehensive account of the design and managment of deep-space missions, the spacecraft involved - some flown, others not - their instruments, and their scientific results. This third volume in the series covers launches in the period 1997 to 2003 and features: - a chapter entirely devoted to the Cassini-Huygens mission to Saturn; - coverage of planetary missions of the period, including the Deep Space 1 mission and the Stardust and Hayabusa sample returns from comets and asteroids; - extensive coverage of Mars exploration, the failed 1999 missions, Mars Odyssey, Mars Express, and the twin rovers Spirit and Opportunity. The story will continue in Part 4.
|
| 650 |
|
0 |
|a Popular works.
|
| 650 |
|
0 |
|a Astronomy.
|
| 650 |
|
0 |
|a Astrophysics.
|
| 650 |
|
0 |
|a Cosmology.
|
| 650 |
|
0 |
|a Space sciences.
|
| 650 |
|
0 |
|a Astrobiology.
|
| 650 |
|
0 |
|a Aerospace engineering.
|
| 650 |
|
0 |
|a Astronautics.
|
| 650 |
1 |
4 |
|a Popular Science.
|
| 650 |
2 |
4 |
|a Popular Science in Astronomy.
|
| 650 |
2 |
4 |
|a Astronomy, Astrophysics and Cosmology.
|
| 650 |
2 |
4 |
|a Extraterrestrial Physics, Space Sciences.
|
| 650 |
2 |
4 |
|a Astrobiology.
|
| 650 |
2 |
4 |
|a Aerospace Technology and Astronautics.
|
| 700 |
1 |
|
|a Harland, David M.
|e author.
|
| 710 |
2 |
|
|a SpringerLink (Online service)
|
| 773 |
0 |
|
|t Springer eBooks
|
| 776 |
0 |
8 |
|i Printed edition:
|z 9780387096278
|
| 830 |
|
0 |
|a Springer Praxis Books
|
| 856 |
4 |
0 |
|u http://dx.doi.org/10.1007/978-0-387-09628-5
|z Full Text via HEAL-Link
|
| 912 |
|
|
|a ZDB-2-PHA
|
| 950 |
|
|
|a Physics and Astronomy (Springer-11651)
|